000 01000nam1a22002771i 4500
001 RU\INFOCOMM_318\NLR\5000082138
005 20240726232556.0
010 _91000 экз.
035 _a(NLR Aleph) 011016550
090 _a11050499
_c11050499
100 _a20121204g19801982|||y0rusy50 ba
101 0 _aeng
_arus
_geng
102 _aRU
105 _ay z||||
200 1 _aEnglish for those who know German
_fN. D. Ivitskaya
210 _aМосква
_cМоск. гос. пед. ин-т им. В. И. Ленина
_d1980-1982
215 _d20 см
300 _aВ надзаг.: М-во просвещения РСФСР. Моск. гос. пед. ин-т им. В. И. Ленина
300 _aТекст на рус. и англ. яз.
309 _aТ. 2, ч. 1-2 изд. в одной обл.
686 _aШ143.21-93рус31
_2rubbk
700 1 _aIvickaja
_bN. D.
_gNatal'ja Davydovna
801 1 _aRU
_bInfoComm
_c20121204
801 0 _aRU
_bNLR
_gPSBO
852 _aNLR
_jЯ61 Д-3/446
942 _cBOOK